ZVYŠKOVÉ NAPÄTIA V TENKOSTENNÝCH KONŠTRUKCIÁCH

Bibliographic Details
Main Authors: Ravinger, Ján, 1945- (Author), Studený, Marian (Author)
Format: Article
Language:Slovak

MARC

LEADER 00000naa a2200000uu 4500
001 vtls011085035
003 SK-MaSNL
005 20260302105114.0
008 210905|1996 xo |||||||||||||||||slo|
015 |a SNBRA 
035 |a (urnnbn)urn:nbn:sk:snk:ar-a0clp2 
035 |a (uuid)03d640cf-1063-4eb6-a252-b0859ba87848 
035 |a urn:nbn:sk:snk-aavrl1 
040 |a SNKBUCL  |b slo  |c SNKBUCL  |e AACR2 
041 0 |a slo 
044 |a xo  |c SK 
100 1 |a Ravinger, Ján,  |d 1945-  |4 aut  |9 215159 
245 1 0 |a ZVYŠKOVÉ NAPÄTIA V TENKOSTENNÝCH KONŠTRUKCIÁCH  |c Ján Ravinger, Marian Studený 
700 1 |a Studený, Marian  |4 aut  |9 783266 
773 0 |t Kovové konštrukcie a mosty, súčasný stav a perspektívy rozvoja  |d Žilina : Vysoká škola dopravy a spojov, 1996  |g S. 15-20  |z 8071003573 
958 |a OND 
958 |a article12 
958 |a chapter 
999 |c 1237398  |d 1239328